000 01359nam a2200301 u 4500
001 000218667
003 AM-YeHGA
005 20250618071511.0
008 030417s2003 ai a|||gr|||||||||0|arm|d
020 _a999308896X
040 _aAM-YeHGA
041 0 _aarm
080 _a72(07)
090 _aՀ-422
100 1 _aՀարությունյան, Վարազդատ Մարտիրոսի,
_d1909-2008
_91194
245 1 0 _aՃարտարապետական հուշարձանների վերականգնումը :
_bՈւս. ձեռնարկ /
_cՎ. Հարությունյան, Գ. Նալբանդյան, Ա. Գրիգորյան ; ՀՀ կրթ. և գիտ. նախ., Եր. ճարտարապետ. և շին. պետ. համալս.
260 _aԵրևան :
_bԴար,
_c2003.
300 _a280 էջ :
_bնկ. ;
_c24 սմ.
504 _aՀավելված՚ էջ 224-274
504 _aՄատենագիտ.՚ էջ 275-277(60 անուն)
650 1 4 _aՃարտարապետություն
_zՀայաստան
_95872
700 1 _aՆալբանդյան, Գ.
700 1 _aԳրիգորյան, Արծվին Հայկի,
_d1935-
_91655
710 2 _aՀՀ կրթության ևգիտութան նախարարություն
710 2 _aԵրևանի ճարտարապետության և շինարարության պետական համալսարան
942 _2udc
_cBK
090 _c77870
999 _c76631
_d76631